| 000 | 00550nam a2200145Ia 4500 | ||
|---|---|---|---|
| 008 | 230917s9999||||xx |||||||||||||| ||und|| | ||
| 040 |
_e183446 _aMAIN |
||
| 041 | _aEnglish | ||
| 082 | _a327.42 D659B:D(13) | ||
| 100 | _aButler, Rohan, ed. | ||
| 245 | 0 | _aDocuments on British foreign policy 1919-1939. First series. V13- Turkey: February-December 1920- Arabia, Syria, and Palestine:February 1920- January 1921- Persia:January 1920- march 1921 | |
| 260 |
_aLondon _bHer Majesty's Stationery Office _c1972 |
||
| 300 | _alxxxiii, 746 p. | ||
| 942 | _cBK | ||
| 999 |
_c229696 _d229696 |
||